Les capitales européennes - Statistiques

Statistiques générales
  • Ce quiz a été pris 43 fois
  • Le résultat moyen est 37 sur 50
Statistiques - réponses
Hint Réponse % Correct
Portugal Lisbonne
100%
Royaume-Uni Londres
100%
France Paris
100%
Autriche Vienne
100%
Pays-Bas Amsterdam
98%
Grèce Athènes
98%
Allemagne Berlin
98%
Luxembourg Luxembourg
98%
Espagne Madrid
98%
Monaco Monaco
98%
Russie Moscou
98%
Italie Rome
98%
Suisse Berne
95%
Irlande Dublin
95%
Ukraine Kiev
95%
Belgique Bruxelles
93%
Hongrie Budapest
93%
Finlande Helsinki
93%
Danemark Copenhague
90%
Norvège Oslo
90%
Roumanie Bucarest
88%
Suède Stockholm
88%
Pologne Varsovie
88%
Croatie Zagreb
85%
Saint-Marin Saint-Marin
83%
République Tchèque Prague
80%
Bulgarie Sofia
80%
Andorre Andorre La Vieille
75%
Turquie Ankara
75%
Malte La Valette
73%
Islande Reykjavik
73%
Biélorussie Minsk
63%
Bosnie-Herzégovine Sarajevo
63%
Estonie Tallinn
63%
Lettonie Riga
60%
Albanie Tirana
60%
Serbie Belgrade
58%
Slovénie Ljubljana
58%
Lituanie Vilnius
58%
Slovaquie Bratislava
50%
Liechtenstein Vaduz
50%
Moldavie Chișinău
48%
Chypre Nicosie
48%
Macédoine Du Nord Skopje
48%
Kosovo Pristina
45%
Arménie Erevan
38%
Monténégro Podgorica
38%
Azerbaïdjan Bakou
33%
Kazakhstan Astana
28%
Géorgie Tbilissi
28%
Aucun quiz correspondant
Distribution des résultats
% des personnes avec chaque résultat
Percentile par nombre de réponses
Votre historique - résultats
Vous n’avez pas pris ce quiz